000 00274nam a2200121 a 4500
008 100916s1969|||| d
245 1 0 _aKto hrá sám...
100 1 _aDolci, Danilo
260 _bEpocha
_aBratislava
_c1969
020 _c22
044 _axo
_cSK
041 _aslo
999 _c10369
_d10369